[Event "Budapest HUN"]
[Site "?"]
[Date "1997.??.??"]
[Round "?"]
[White "Mester Gyula"]
[Black "Bali Janos"]
[Result "0-1"]
[WhiteElo "2390"]
[BlackElo "2270"]
[PlyCount "36"]
[EventDate "1997.??.??"]
[Source "www.chesslib.no"]
[SourceDate "2004.05.04"]

1. e4 e6 2. f4 d5 3. e5 c5 4. b4 cxb4 5. a3 Nc6 6. Nf3 h5 7. axb4 Bxb4 8. c3 Be7 9. Ba3 Nh6 10. Bxe7 Qxe7 11. Na3 Nf5 12. Bd3 O-O 13. Qb3 Rd8 14. Nb5 b6 15. O-O Na5 16. Qb4 Ba6 17. Rfc1 Qxb4 18. cxb4 Bxb5 0-1

[Event "EU-ch 2nd (Women)"]
[Site "Warsaw"]
[Date "2001.04.27"]
[Round "6"]
[White "Lagvilava, Genrieta"]
[Black "Kononenko, Tatiana"]
[Result "1/2-1/2"]
[WhiteElo "2299"]
[BlackElo "2361"]
[PlyCount "44"]
[EventDate "2001.04.22"]
[Source "ChessBase"]
[SourceDate "2001.07.03"]

1. e4 e6 2. f4 d5 3. e5 c5 4. Nf3 Nc6 5. c3 Nge7 6. Na3 Nf5 7. Nc2 Be7 8. Be2 d4 9. Bd3 h5 10. O-O dxc3 11. dxc3 c4 12. Bxf5 Qxd1 13. Rxd1 exf5 14. Be3 Be6 15. Ncd4 Nxd4 16. Nxd4 Bd7 17. b3 Rc8 18. b4 b5 19. Rd2 Rc7 20. Rad1 O-O 21. Kf2 Ra8 22. Kf3 Be6 1/2-1/2

[Event "Pobeskydi"]
[Site "Frydek Mistek"]
[Date "1998.01.22"]
[Round "2"]
[White "Kubala, Petr"]
[Black "Obsivac, Josef"]
[Result "1/2-1/2"]
[WhiteElo "2315"]
[BlackElo "2345"]
[PlyCount "81"]
[EventDate "1998.01.21"]
[Source "ChessBase"]
[SourceDate "1998.03.09"]

1. e4 e6 2. f4 d5 3. e5 c5 4. Nf3 Nc6 5. c3 Nge7 6. Na3 Nf5 7. Nc2 d4 8. Bd3 Be7 9. Qe2 h5 10. Be4 Qb6 11. b3 Bd7 12. Bb2 dxc3 13. dxc3 O-O-O 14. O-O-O g6 15. g3 Na5 16. Na3 Bc6 17. Nd2 a6 18. Nac4 Nxc4 19. Nxc4 Qc7 20. Qf3 Bxe4 21. Qxe4 Kb8 22. a4 b6 23. a5 b5 24. Nb6 Qb7 25. Qe2 Rxd1+ 26. Rxd1 Rd8 27. Ba3 Rxd1+ 28. Qxd1 Qc6 29. Kb1 Ne3 30. Qd7 Qxd7 31. Nxd7+ Kc7 32. Bxc5 Nf1 33. Bxe7 Kxd7 34. Bc5 Nxh2 35. Kc2 Kc6 36. Be3 Ng4 37. Kd3 Nh6 38. Ke4 Nf5 39. Bd4 Nh6 40. Bb6 Nf5 41. Bf2 1/2-1/2

[Event "AUT-chT 9900"]
[Site "?"]
[Date "2000.??.??"]
[Round "9"]
[White "Bawart Markus"]
[Black "Sorg Bernd"]
[Result "1-0"]
[WhiteElo "2358"]
[BlackElo "2301"]
[PlyCount "99"]
[EventDate "2000.??.??"]
[Source "www.chesslib.no"]
[SourceDate "2004.05.04"]

1. e4 e6 2. f4 d5 3. d3 dxe4 4. dxe4 Qxd1+ 5. Kxd1 Nf6 6. Bd3 b6 7. Nf3 Bb7 8. Nc3 a6 9. a3 Nbd7 10. Be3 Nc5 11. Bxc5 Bxc5 12. Ke2 a5 13. g3 Ke7 14. e5 Nd7 15. Rhd1 h6 16. Rab1 Ke8 17. Nb5 Kd8 18. Rd2 Kc8 19. Rbd1 Nb8 20. f5 c6 21. Nd6+ Bxd6 22. exd6 Nd7 23. fxe6 fxe6 24. Nd4 Ne5 25. Nxe6 Nxd3 26. Kxd3 g5 27. Rf2 Kd7 28. Rf7+ Kxe6 29. Rxb7 Rab8 30. Rxb8 Rxb8 31. Ke4 Kd7 32. Rd2 Rf8 33. Ke5 Rf1 34. a4 Rf8 35. g4 Rf4 36. h3 Rxa4 37. Kf5 Ra2 38. b3 b5 39. Kg6 a4 40. bxa4 bxa4 41. Kxh6 Ra3 42. h4 gxh4 43. g5 Rg3 44. g6 a3 45. g7 h3 46. Kh7 h2 47. Rxh2 Kxd6 48. g8=Q Rxg8 49. Kxg8 Kc5 50. Rh1 1-0

[Event "It (Open) Neiva COL"]
[Site "?"]
[Date "2005.05.14"]
[Round "8"]
[White "Gamboa Nelson"]
[Black "Beltran Carlos A"]
[Result "0-1"]
[WhiteElo "2379"]
[BlackElo "2280"]
[PlyCount "26"]
[EventDate "2005.??.??"]
[Source "www.chesslib.no"]
[SourceDate "2004.05.04"]

1. e4 e6 2. f4 d5 3. e5 c5 4. Nf3 Nh6 5. c3 Nf5 6. Na3 Nc6 7. Nc2 Bd7 8. Bd3 Be7 9. O-O g6 10. g4 Ng7 11. Ne3 Qc7 12. Bc2 d4 13. Nc4 h5 0-1

[Event "JUG-chT2"]
[Site "JUG"]
[Date "1994.??.??"]
[Round "4"]
[White "Gavela, Dragan"]
[Black "Gavric, Miladin"]
[Result "1/2-1/2"]
[WhiteElo "2305"]
[BlackElo "2350"]
[PlyCount "25"]
[EventDate "1994.??.??"]
[Source "www.chesslib.no"]
[SourceDate "2004.05.04"]

1. e4 e6 2. f4 d5 3. e5 c5 4. Nf3 Nc6 5. g3 Nh6 6. Bg2 Nf5 7. d3 h5 8. O-O Be7 9. c3 Qb6 10. c4 dxc4 11. dxc4 Bd7 12. Nc3 O-O-O 13. Ne4 1/2-1/2

[Event "6th Parsvnath Open"]
[Site "New Delhi IND"]
[Date "2008.01.17"]
[Round "7"]
[White "Akshayraj, K."]
[Black "Gomes, Ma"]
[Result "1-0"]
[WhiteElo "2399"]
[BlackElo "2255"]
[PlyCount "97"]
[EventDate "2008.01.13"]
[Source "www.chesslib.no"]
[SourceDate "2004.05.04"]

1. e4 e6 2. f4 d5 3. e5 c5 4. Nf3 Nc6 5. g3 Nge7 6. Bh3 Nf5 7. Nc3 Be7 8. O-O d4 9. Ne4 d3 10. c3 b6 11. g4 Nh6 12. b3 Bb7 13. Bb2 Qd5 14. Nd6+ Bxd6 15. c4 Qe4 16. exd6 Nd4 17. Bxd4 cxd4 18. Qe1 O-O-O 19. Qg3 Rxd6 20. Ne5 Ba8 21. Rfe1 Qb7 22. c5 bxc5 23. Rac1 Kb8 24. Rxc5 Rc8 25. Rxc8+ Qxc8 26. f5 Qc7 27. g5 Nxf5 28. Bxf5 exf5 29. Nxf7 Rc6 30. Re8+ Kb7 31. Nd8+ Kb6 32. Nxc6 Qxc6 33. Re1 Bb7 34. Kf2 a6 35. Rg1 Qe4 36. Re1 Qc6 37. Re5 g6 38. Qxd3 Qg2+ 39. Ke1 Qg1+ 40. Qf1 Qxh2 41. Re2 Qh4+ 42. Qf2 Qh1+ 43. Qf1 Qh4+ 44. Kd1 Qxg5 45. Re6+ Ka7 46. Qc4 Qg1+ 47. Kc2 d3+ 48. Kb2 g5 49. Re3 1-0

[Event "Avas Open"]
[Site "Avas op Miskolc"]
[Date "1996.??.??"]
[Round "?"]
[White "Kovacs, Lajos"]
[Black "Kovacs, Laszlo M"]
[Result "1-0"]
[WhiteElo "2275"]
[BlackElo "2360"]
[PlyCount "117"]
[EventDate "1996.??.??"]
[Source "www.chesslib.no"]
[SourceDate "2004.05.04"]

1. e4 e6 2. f4 d5 3. e5 c5 4. Nf3 Nc6 5. Bb5 Bd7 6. Bxc6 Bxc6 7. d4 Bb5 8. c3 a5 9. Be3 Rc8 10. Na3 Ba6 11. Qa4+ Qd7 12. Qxa5 c4 13. b4 cxb3 14. axb3 Be7 15. Nb1 Bd8 16. Qa2 Qb5 17. Qa4 Qxa4 18. Rxa4 Ne7 19. Kd2 Nc6 20. Rc1 Na5 21. Kc2 b5 22. Ra1 Rc6 23. b4 Nc4 24. Bf2 Be7 25. Nbd2 Nxd2 26. Kxd2 Kd7 27. Ne1 g5 28. fxg5 Bxg5+ 29. Be3 Be7 30. Nd3 Rg8 31. g3 h5 32. Rf1 Ke8 33. Ra5 Bd8 34. Ra3 h4 35. Bf4 hxg3 36. hxg3 Rh8 37. Nc5 Bc8 38. Ra8 Rh2+ 39. Kd3 Rh3 40. Rb8 Be7 41. Ra1 Bxc5 42. bxc5 Kd7 43. Kc2 Rh2+ 44. Kb3 Kc7 45. Rba8 Kd7 46. Bg5 Rc7 47. Rf1 Rh7 48. Bh4 Kc6 49. Kb4 Bd7 50. Rfa1 Bc8 51. Bd8 Bb7 52. R8a5 Rc8 53. Be7 Kd7 54. Bd6 Bc6 55. Ra7+ Kd8 56. g4 Bd7 57. Rf1 Rg7 58. Kb3 Rxg4 59. Rxf7 1-0

[Event "SVK-chT 9798"]
[Site "?"]
[Date "1997.??.??"]
[Round "1"]
[White "Berezjuk Sergej"]
[Black "Vavrak Peter"]
[Result "1-0"]
[WhiteElo "2390"]
[BlackElo "2245"]
[PlyCount "87"]
[EventDate "1997.??.??"]
[Source "www.chesslib.no"]
[SourceDate "2004.05.04"]

1. e4 e6 2. f4 d5 3. e5 c5 4. Nf3 Nc6 5. c3 f5 6. exf6 Qxf6 7. d4 Bd6 8. g3 Nh6 9. Be3 cxd4 10. cxd4 O-O 11. Be2 Nf5 12. Qd2 Bd7 13. Nc3 Be8 14. O-O Rc8 15. Bf2 Bh5 16. Ng5 Bg6 17. Nf3 Bh5 18. Ne5 Bxe2 19. Nxe2 Rc7 20. Nf3 Rfc8 21. Rac1 Bb4 22. Qd3 Ba5 23. a3 Bb6 24. Rcd1 Na5 25. g4 Nd6 26. Ng5 g6 27. b3 h6 28. Nf3 Ne4 29. Ne5 Nc6 30. Nf3 Kg7 31. Kh1 Nd8 32. Bh4 Qf8 33. Nd2 Nxd2 34. Rxd2 Qxa3 35. f5 exf5 36. gxf5 g5 37. f6+ Kf8 38. Bg3 Rf7 39. Qg6 Qb4 40. Qxh6+ Ke8 41. Rd3 Rc6 42. Qxg5 Re6 43. Be5 Qb5 44. Nf4 1-0

[Event "6th Parsvnath Open"]
[Site "New Delhi IND"]
[Date "2008.01.16"]
[Round "6"]
[White "Himanshu, Sh"]
[Black "Natarajan, C."]
[Result "1/2-1/2"]
[WhiteElo "2398"]
[BlackElo "2226"]
[PlyCount "141"]
[EventDate "2008.01.13"]
[Source "www.chesslib.no"]
[SourceDate "2004.05.04"]

1. e4 e6 2. f4 d5 3. e5 c5 4. Nf3 Nc6 5. c3 Qb6 6. Na3 Nh6 7. Nc2 Bd7 8. Be2 c4 9. d4 cxd3 10. Bxd3 a5 11. Be3 Bc5 12. Qd2 O-O 13. Bxc5 Qxc5 14. Qe3 Qxe3+ 15. Nxe3 f6 16. exf6 gxf6 17. O-O Ne7 18. Rfe1 Rfe8 19. g3 Nf7 20. c4 Nd6 21. cxd5 Nxd5 22. Nc4 Nxc4 23. Bxc4 Nb6 24. Bd3 Bc6 25. Be4 Bd5 26. Bxd5 exd5 27. Kf2 Na4 28. Rxe8+ Rxe8 29. Rd1 Nxb2 30. Rxd5 b6 31. Rd2 Na4 32. Rd6 b5 33. Nd4 Nc3 34. Ra6 a4 35. a3 Re4 36. Ra8+ Kf7 37. Ra7+ Kf8 38. Ra8+ Ke7 39. Nf5+ Ke6 40. Ne3 Rd4 41. Ra6+ Rd6 42. Rxd6+ Kxd6 43. Ke1 Kc5 44. Nc2 Nb1 45. Kd1 Nc3+ 46. Kc1 Nd5 47. Kb2 Kc4 48. h3 Kd3 49. f5 h5 50. g4 hxg4 51. hxg4 Ke4 52. Kc1 Kf4 53. Nd4 b4 54. axb4 Nxb4 55. Kb2 Nd3+ 56. Ka3 Kxg4 57. Kxa4 Kf4 58. Kb3 Nc5+ 59. Kc4 Ne4 60. Kd3 Nd6 61. Ke2 Ke4 62. Nb3 Nxf5 63. Nc5+ Kf4 64. Kf2 Nd6 65. Nd3+ Kg4 66. Nb4 f5 67. Nd5 Nc4 68. Kg2 Kg5 69. Ne7 Ne3+ 70. Kf3 f4 71. Ng6 1/2-1/2

[Event "Helsinki We SKFC 2 op"]
[Site "?"]
[Date "1997.??.??"]
[Round "3"]
[White "Kallio Heikki"]
[Black "Manninen Marko"]
[Result "1/2-1/2"]
[WhiteElo "2240"]
[BlackElo "2380"]
[PlyCount "76"]
[EventDate "1997.??.??"]
[Source "www.chesslib.no"]
[SourceDate "2004.05.04"]

1. e4 e6 2. f4 d5 3. e5 c5 4. Bb5+ Bd7 5. Bxd7+ Qxd7 6. Nf3 Nc6 7. d3 Nh6 8. Nc3 Be7 9. O-O f6 10. Bd2 O-O 11. Qe1 Nf5 12. Ne2 fxe5 13. fxe5 Rf7 14. Nf4 Nfd4 15. Nxd4 Nxd4 16. Rc1 Raf8 17. c3 Nc6 18. Qe2 Rf5 19. Nh5 Bd8 20. Ng3 Rxf1+ 21. Rxf1 Rxf1+ 22. Nxf1 Bc7 23. Bf4 Qf7 24. g3 h6 25. h4 d4 26. Nd2 Qf5 27. Nf3 dxc3 28. bxc3 Ne7 29. c4 Ng6 30. Qe3 Nxf4 31. gxf4 Bd8 32. Kf1 b6 33. Qe4 Qh3+ 34. Ke2 Bxh4 35. Qa8+ Kh7 36. Qe4+ Kg8 37. Qa8+ Kh7 38. Qe4+ Kg8 1/2-1/2

[Event "Corr"]
[Site "?"]
[Date "2002.06.15"]
[Round "?"]
[White "Krol Wladyslaw (POL)"]
[Black "Sergel Christopher T.(USA)"]
[Result "1-0"]
[WhiteElo "2121"]
[BlackElo "2499"]
[PlyCount "61"]
[EventDate "2002.??.??"]
[Source "www.chesslib.no"]
[SourceDate "2004.05.04"]

1. e4 e6 2. f4 d5 3. d3 dxe4 4. dxe4 Qxd1+ 5. Kxd1 Nf6 6. Bd3 Na6 7. Nf3 Nc5 8. Nc3 Be7 9. Ke2 a6 10. Be3 b6 11. Bxc5 Bxc5 12. e5 Nd5 13. Nxd5 exd5 14. Rhd1 Bb7 15. a4 Be7 16. c4 Rd8 17. cxd5 Rxd5 18. h4 f6 19. Rac1 c5 20. g3 fxe5 21. Nxe5 g6 22. Ke3 Rf8 23. Be4 Rxd1 24. Rxd1 Bxe4 25. Kxe4 Rf6 26. Rd7 Re6 27. Ra7 Rd6 28. Rxa6 Bf6 29. Nf3 Kd7 30. Ra7+ Kc8 31. Rxh7 1-0

[Event "Oberliga Nord W 9697"]
[Site "?"]
[Date "1997.04.13"]
[Round "8.1"]
[White "Bangiev Alexander"]
[Black "Mende Andreas"]
[Result "1-0"]
[WhiteElo "2400"]
[BlackElo "2220"]
[PlyCount "81"]
[EventDate "1997.??.??"]
[Source "www.chesslib.no"]
[SourceDate "2004.05.04"]

1. e4 e6 2. f4 d5 3. e5 c5 4. Nf3 Nc6 5. c3 Qb6 6. Na3 Bd7 7. Nc2 Rc8 8. d3 f6 9. Be2 Qc7 10. O-O fxe5 11. fxe5 Nxe5 12. Nxe5 Qxe5 13. Bf4 Qf6 14. d4 cxd4 15. cxd4 Nh6 16. Bh5+ Kd8 17. Qd2 Be7 18. Qa5+ b6 19. Qxa7 e5 20. dxe5 Bc5+ 21. Kh1 Qh4 22. e6 Bxe6 23. Qxg7 Qxh5 24. Qxh8+ Ng8 25. Nd4 Bf7 26. Qe5 Qxe5 27. Bxe5 Bg6 28. Rac1 Kd7 29. Nf3 Ne7 30. Bd4 Kd6 31. a3 Rg8 32. Be5+ Kd7 33. b4 Bd6 34. Bd4 b5 35. Ne5+ Bxe5 36. Bxe5 Nc6 37. Bg3 Be4 38. Rf6 Ne5 39. Bxe5 Rxg2 40. Rc7+ Ke8 41. Re6+ 1-0

[Event "Ptuj-B"]
[Site "Ptuj CRO"]
[Date "1993.??.??"]
[Round "1"]
[White "Plesec, Damjan"]
[Black "Gerencer, Jozef"]
[Result "1/2-1/2"]
[WhiteElo "2380"]
[BlackElo "2230"]
[PlyCount "29"]
[EventDate "1993.11.??"]
[Source "www.chesslib.no"]
[SourceDate "2004.05.04"]

1. e4 e6 2. f4 d5 3. d3 dxe4 4. dxe4 Qxd1+ 5. Kxd1 Bc5 6. c3 Nf6 7. Bd3 Bd7 8. Kd2 Bc6 9. Kc2 Nbd7 10. b4 Bxg1 11. Rxg1 a6 12. a4 Nb6 13. a5 Nc8 14. c4 Nd6 15. Nc3 1/2-1/2

[Event "Asturias (Spain)"]
[Site "?"]
[Date "2004.03.27"]
[Round "8"]
[White "San Claudio Gonzalez Francisc"]
[Black "Gonzalez Menendez Ivan"]
[Result "1-0"]
[WhiteElo "2297"]
[BlackElo "2305"]
[PlyCount "33"]
[EventDate "2004.??.??"]
[Source "www.chesslib.no"]
[SourceDate "2004.05.04"]

1. e4 e6 2. f4 d5 3. e5 c5 4. Nf3 Nc6 5. c3 Nh6 6. Na3 d4 7. Bd3 Be7 8. O-O a6 9. Be4 Nf5 10. g4 Nh4 11. Nxh4 Bxh4 12. g5 Bxg5 13. fxg5 Qxg5+ 14. Kh1 Qxe5 15. d3 Qc7 16. Qh5 g6 17. Qxc5 1-0

[Event "It (open)"]
[Site "Velika Gorica (Croatia)"]
[Date "2007.08.19"]
[Round "3"]
[White "Naglic Marko"]
[Black "Franic Milan (CRO)"]
[Result "0-1"]
[WhiteElo "2213"]
[BlackElo "2386"]
[PlyCount "76"]
[EventDate "2007.??.??"]
[Source "www.chesslib.no"]
[SourceDate "2004.05.04"]

1. e4 e6 2. f4 d5 3. e5 c5 4. Nf3 Nc6 5. c3 Nh6 6. Bd3 Qb6 7. Bc2 Bd7 8. O-O Be7 9. Kh1 f5 10. b3 Nf7 11. d4 cxd4 12. Nxd4 Nxd4 13. Be3 Rc8 14. cxd4 Bb5 15. Rf2 O-O 16. a4 Ba6 17. Na3 Rc6 18. Nb5 Bxb5 19. axb5 Qxb5 20. Rxa7 Qb6 21. Ra2 Rc3 22. Rf3 Rfc8 23. Bf2 Rxf3 24. Qxf3 Qb4 25. Qd3 g5 26. g3 Nh6 27. Kg2 Ng4 28. Bg1 gxf4 29. gxf4 Qe1 30. Qd1 Ne3+ 31. Bxe3 Qxe3 32. Ra7 Kh8 33. Kh1 Qxf4 34. Ra2 Bh4 35. Qe2 Bf2 36. Ra1 Rxc2 37. Ra8+ Kg7 38. Qh5 Qe4+ 0-1

[Event "Corr"]
[Site "?"]
[Date "2002.02.13"]
[Round "?"]
[White "Krol Wladyslaw"]
[Black "Evans Gordon R"]
[Result "0-1"]
[WhiteElo "2288"]
[BlackElo "2304"]
[PlyCount "78"]
[EventDate "2002.??.??"]
[Source "www.chesslib.no"]
[SourceDate "2004.05.04"]

1. e4 e6 2. f4 d5 3. Nf3 dxe4 4. Ng5 Nf6 5. d3 exd3 6. Bxd3 h6 7. Nf3 Nc6 8. Nc3 Nb4 9. Ne5 Nxd3+ 10. cxd3 Bc5 11. Bd2 O-O 12. Qe2 Nd5 13. Ne4 Bd4 14. Rb1 Bd7 15. g4 Bb5 16. h4 Ne7 17. Rh3 f6 18. Nc4 Bc6 19. g5 Kh7 20. Bc3 Ng6 21. gxh6 gxh6 22. Rg3 Bxc3+ 23. bxc3 Qe7 24. Qf3 Rg8 25. Qf2 Nxh4 26. Ke2 Rxg3 27. Qxg3 Nf5 28. Qf2 Rg8 29. Rg1 Rxg1 30. Qxg1 Qg7 31. Qxg7+ Kxg7 32. Na5 Bd5 33. c4 Bxe4 34. dxe4 b6 35. Nc6 Nd6 36. Kd3 h5 37. e5 Nf7 38. Ke4 a6 39. Nd4 f5+ 0-1

[Event "Budapest FS03 IM-A"]
[Site "Budapest"]
[Date "1997.??.??"]
[Round "1"]
[White "Belotelov, Denis"]
[Black "Somlai, Laszlo"]
[Result "0-1"]
[WhiteElo "2225"]
[BlackElo "2360"]
[PlyCount "52"]
[EventDate "1997.03.??"]
[Source "ChessBase"]

1. e4 e6 2. f4 d5 3. e5 c5 4. Nf3 Nc6 5. g3 Nge7 6. Bg2 Nf5 7. d3 h5 8. c4 h4 9. g4 h3 10. Bf1 Nfd4 11. Be3 dxc4 12. dxc4 Qb6 13. Bxd4 Nxd4 14. Nxd4 cxd4 15. Qb3 Bb4+ 16. Nd2 Qc6 17. Qxb4 Qxh1 18. O-O-O Qxh2 19. Qb5+ Bd7 20. Qxb7 Rc8 21. Qf3 Bc6 22. Ne4 Bxe4 23. Qxe4 Qf2 24. Bd3 h2 25. f5 exf5 26. gxf5 Qe3+ 0-1

[Event "XIV Open HIT 2009 - A"]
[Site "Nova Gorica SLO"]
[Date "2009.01.31"]
[Round "2"]
[White "Gjuran, Denis"]
[Black "De Val, Daniele"]
[Result "1-0"]
[WhiteElo "2344"]
[BlackElo "2237"]
[PlyCount "67"]
[EventDate "2009.01.31"]
[Source "www.chesslib.no"]
[SourceDate "2004.05.04"]

1. e4 e6 2. f4 d5 3. e5 c5 4. Nf3 f6 5. c3 fxe5 6. fxe5 g6 7. d4 cxd4 8. cxd4 Bg7 9. Nc3 Nh6 10. Bg5 Qa5 11. Qd2 Nf7 12. Bf4 Bd7 13. h4 Nc6 14. h5 O-O-O 15. Bd3 Bf8 16. hxg6 hxg6 17. Rxh8 Nxh8 18. Bg5 Re8 19. Rc1 Bb4 20. a3 Bxc3 21. Qxc3 Qxc3+ 22. Rxc3 Rg8 23. Kf2 Be8 24. g4 a6 25. Rc1 Nf7 26. Bf6 Nfd8 27. g5 b5 28. Ke3 Kd7 29. Rh1 Nf7 30. Nh4 Na5 31. Kd2 Nc4+ 32. Kc3 Ne3 33. Bxg6 Nxg5 34. Bxg5 1-0

[Event "Copenhagen OBRO"]
[Site "Copenhagen DEN"]
[Date "1993.??.??"]
[Round "6"]
[White "Zentai, Peter"]
[Black "Wlodarczyk, Robert"]
[Result "0-1"]
[WhiteElo "2255"]
[BlackElo "2320"]
[PlyCount "74"]
[EventDate "1993.??.??"]
[Source "www.chesslib.no"]
[SourceDate "2004.05.04"]

1. e4 e6 2. f4 d5 3. e5 c5 4. Nf3 Nc6 5. Be2 Nh6 6. O-O Nf5 7. d3 h5 8. c3 Be7 9. Na3 Bd7 10. Nc2 b5 11. Ne3 d4 12. Nxf5 exf5 13. cxd4 cxd4 14. Bd2 Qb6 15. h4 Rc8 16. Ng5 Bxg5 17. hxg5 g6 18. Bf3 Be6 19. b4 O-O 20. a4 a6 21. Rf2 Ne7 22. g3 Bd5 23. Be1 Rc7 24. Rfa2 Bxa2 25. Rxa2 Rfc8 26. axb5 Rc1 27. Qe2 axb5 28. Kf2 Qe6 29. Ra7 R8c2 30. Bd2 Rb1 31. Ra8+ Kg7 32. Rd8 Rbb2 33. Rxd4 Rxd2 34. Ke3 Rxe2+ 35. Bxe2 Nd5+ 36. Rxd5 Qxd5 37. Bf3 Qe6 0-1

[Event "I Camp. mondiale fem. a squadre"]
[Site "Ekaterinburg RUS"]
[Date "2007.05.20"]
[Round "1"]
[White "Khukhashvili, S."]
[Black "Blazkova, P."]
[Result "1/2-1/2"]
[WhiteElo "2334"]
[BlackElo "2237"]
[PlyCount "68"]
[EventDate "2007.05.20"]
[Source "www.chesslib.no"]
[SourceDate "2004.05.04"]

1. e4 e6 2. f4 d5 3. e5 c5 4. Nf3 Nc6 5. c3 d4 6. Bd3 Nge7 7. O-O Nd5 8. g3 Be7 9. Be4 f5 10. exf6 Nxf6 11. Bd3 O-O 12. Qe2 Kh8 13. Na3 Bd7 14. b3 Be8 15. h3 Nh5 16. Kh2 Bd6 17. Be4 Qf6 18. d3 Nxg3 19. Kxg3 Bxf4+ 20. Bxf4 Qxf4+ 21. Kg2 Bh5 22. Nc4 Rad8 23. Qd2 Qxd2+ 24. Nfxd2 dxc3 25. Rxf8+ Rxf8 26. Nf3 Nb4 27. Ne1 Nd5 28. Kg3 b5 29. Nd6 a6 30. Nc2 Nf4 31. Nb7 Ne2+ 32. Kg2 Nf4+ 33. Kh2 Ne2 34. Kg2 Nf4+ 1/2-1/2

[Event "SVK-chT2E 9900"]
[Site "?"]
[Date "2000.??.??"]
[Round "?"]
[White "Briestensky Rastislav"]
[Black "Karnik Pavel"]
[Result "1/2-1/2"]
[WhiteElo "2255"]
[BlackElo "2309"]
[PlyCount "139"]
[EventDate "2000.??.??"]
[Source "www.chesslib.no"]
[SourceDate "2004.05.04"]

1. e4 e6 2. f4 d5 3. e5 c5 4. Nf3 Nc6 5. c3 Nh6 6. d3 Be7 7. Be2 f6 8. O-O Bd7 9. Na3 Qb6 10. Kh1 Nf7 11. d4 fxe5 12. fxe5 O-O-O 13. Nc2 cxd4 14. cxd4 g5 15. Rb1 h5 16. Ng1 Nh6 17. Be3 Nf5 18. Bf2 g4 19. b4 Rdg8 20. b5 Na5 21. Bd3 g3 22. Be1 gxh2 23. Kxh2 Nc4 24. Bxf5 exf5 25. Nh3 Rg4 26. Qf3 Be6 27. Nf4 Rhg8 28. g3 Bg5 29. Nxe6 Qxe6 30. Qxf5 Qxf5 31. Rxf5 h4 32. Rb3 Re4 33. Kh3 hxg3 34. Bxg3 Be7 35. Rf2 Kd7 36. Rbf3 Reg4 37. Re2 Ke6 38. Rd3 Nb2 39. Rc3 Nc4 40. Bf2 Rf4 41. Rg3 Rh8+ 42. Kg2 Bh4 43. Rg7 Bxf2 44. Rxf2 Rh2+ 45. Kxh2 Rxf2+ 46. Rg2 Rf1 47. Kh3 Rh1+ 48. Kg4 Rc1 49. Kg5 Rb1 50. a4 a6 51. bxa6 bxa6 52. Rh2 a5 53. Rh6+ Ke7 54. Rh3 Ke6 55. Kf4 Rf1+ 56. Rf3 Rd1 57. Rf2 Rd3 58. Rh2 Rd1 59. Re2 Rd3 60. Rh2 Rd1 61. Rf2 Rd3 62. Kg4 Ke7 63. Kf5 Rd1 64. Rf3 Rd2 65. Ne1 Rxd4 66. Nd3 Re4 67. Rf4 Ne3+ 68. Kg5 Nc4 69. Kf5 Ne3+ 70. Kg5 1/2-1/2

[Event "Madrid Once Open 3rd"]
[Site "?"]
[Date "2000.12.18"]
[Round "4"]
[White "Cardenas Valero Ramon"]
[Black "Camarena Gimenez Rufino"]
[Result "1-0"]
[WhiteElo "2230"]
[BlackElo "2325"]
[PlyCount "57"]
[EventDate "2000.??.??"]
[Source "www.chesslib.no"]
[SourceDate "2004.05.04"]

1. e4 e6 2. f4 d5 3. e5 c5 4. Nf3 Nc6 5. c3 Nh6 6. Na3 Be7 7. Nc2 f6 8. d4 cxd4 9. cxd4 O-O 10. Bd3 Bd7 11. O-O Qb6 12. Kh1 fxe5 13. fxe5 Nf5 14. g4 Nh4 15. Nxh4 Bxh4 16. g5 g6 17. Rf6 Ne7 18. a4 a5 19. Qg4 Bf2 20. Qf4 Nc6 21. Qxf2 Nxe5 22. Qe2 Nxd3 23. Qxd3 Rxf6 24. gxf6 e5 25. dxe5 Bf5 26. Qxd5+ Qe6 27. Qd6 Qb3 28. Ne3 h5 29. Ra3 1-0

[Event "Telecom Open"]
[Site "Dublin IRL"]
[Date "1991.??.??"]
[Round "?"]
[White "Keogh, Eamon"]
[Black "Short, Philip M"]
[Result "1/2-1/2"]
[WhiteElo "2230"]
[BlackElo "2310"]
[PlyCount "103"]
[EventDate "1991.03.??"]
[Source "www.chesslib.no"]
[SourceDate "2004.05.04"]

1. e4 e6 2. f4 d5 3. e5 c5 4. Nf3 Nc6 5. g3 Nge7 6. Bh3 Nf5 7. O-O h5 8. Nc3 Be7 9. d3 g6 10. Ne2 b6 11. Bg2 Bb7 12. c3 Qd7 13. a3 d4 14. h3 O-O-O 15. c4 Ne3 16. Bxe3 dxe3 17. Ne1 g5 18. Qc1 gxf4 19. Nxf4 Nxe5 20. Bxb7+ Qxb7 21. Qxe3 Nc6 22. Ne2 Bd6 23. Nf3 Rhg8 24. Ng5 Rg7 25. Rf2 Nd4 26. Raf1 Nf5 27. Rxf5 exf5 28. Rxf5 h4 29. g4 Bb8 30. Ne4 Qc7 31. Nf2 Rgg8 32. Kf1 Rge8 33. Qf3 Re7 34. Ne4 Qh2 35. N2c3 Bg3 36. Nd5 Qxh3+ 37. Ke2 Qh2+ 38. Kd1 Qg1+ 39. Kc2 Red7 40. Rxf7 Qh2+ 41. Kb3 Be5 42. Nec3 Bxc3 43. bxc3 Qe5 44. g5 Rxf7 45. Qxf7 Rd7 46. Qf8+ Kb7 47. Qf3 Ka6 48. Qg4 Qe1 49. Kc2 Qf2+ 50. Kb3 Qe1 51. Kc2 Qf2+ 52. Kb3 1/2-1/2

[Event "Madrid Once Open 3rd"]
[Site "?"]
[Date "2000.12.22"]
[Round "8"]
[White "Cardenas Valero Ramon"]
[Black "Guerra Bastida Diego"]
[Result "1-0"]
[WhiteElo "2230"]
[BlackElo "2305"]
[PlyCount "67"]
[EventDate "2000.??.??"]
[Source "www.chesslib.no"]
[SourceDate "2004.05.04"]

1. e4 e6 2. f4 b6 3. Nf3 Bb7 4. Nc3 Bb4 5. d3 d5 6. Bd2 Ne7 7. a3 Bxc3 8. Bxc3 O-O 9. e5 Nf5 10. d4 c5 11. Bd3 Ba6 12. Bxf5 exf5 13. Qd2 cxd4 14. Nxd4 Nd7 15. O-O-O Nc5 16. Nxf5 Bd3 17. Nd4 Bc4 18. f5 Re8 19. f6 Ne4 20. Qf4 g5 21. Qf5 Qc8 22. e6 Rxe6 23. Nxe6 Qxe6 24. Qf3 Rc8 25. Rhe1 Ba6 26. h4 Bb7 27. hxg5 d4 28. Rxd4 Re8 29. Qh3 Qa2 30. Rexe4 Bxe4 31. Rxe4 Rd8 32. b3 Qxa3+ 33. Bb2 Qa5 34. Qh6 1-0

[Event "Aarhus-A"]
[Site "Aarhus DEN"]
[Date "1989.??.??"]
[Round "6"]
[White "Hoiberg, Nina"]
[Black "Kroll, Ove"]
[Result "1/2-1/2"]
[WhiteElo "2200"]
[BlackElo "2335"]
[PlyCount "72"]
[EventDate "1989.??.??"]
[Source "www.chesslib.no"]
[SourceDate "2004.05.04"]

1. e4 e6 2. f4 d5 3. exd5 exd5 4. Nf3 Bd6 5. d4 Bf5 6. Bd3 Ne7 7. O-O O-O 8. Nc3 c6 9. Ne2 Nd7 10. Ng3 Bxd3 11. Qxd3 f5 12. Bd2 g6 13. a3 a5 14. c4 Re8 15. c5 Bc7 16. Ng5 Nf6 17. b4 axb4 18. axb4 Qd7 19. b5 cxb5 20. Rxa8 Rxa8 21. Rb1 Ne4 22. N3xe4 dxe4 23. Qh3 Nd5 24. Nxe4 Ra4 25. c6 Qxc6 26. Ng5 Nf6 27. Qb3+ Qc4 28. Qxc4+ bxc4 29. Rxb7 Nd5 30. Ne6 Ra1+ 31. Kf2 Ra2 32. Ke1 c3 33. Bxc3 Nxc3 34. Rxc7 Re2+ 35. Kf1 Rxe6 36. Rxc3 Re4 1/2-1/2

[Event "Gyongyos Matra Cup"]
[Site "?"]
[Date "2001.04.13"]
[Round "4.4"]
[White "Horvath Zoltan"]
[Black "Acs Gabor"]
[Result "0-1"]
[WhiteElo "2346"]
[BlackElo "2185"]
[PlyCount "109"]
[EventDate "2001.??.??"]
[Source "www.chesslib.no"]
[SourceDate "2004.05.04"]

1. e4 e6 2. f4 d5 3. e5 c5 4. Nf3 Nc6 5. d3 b6 6. Be2 Bb7 7. O-O Nge7 8. Be3 d4 9. Bf2 Nd5 10. g3 Be7 11. Nbd2 Qd7 12. Ne4 O-O-O 13. Nfd2 f5 14. exf6 gxf6 15. Nc4 Rdg8 16. Kh1 Nd8 17. Bf3 h5 18. h4 b5 19. Na5 Ba8 20. Nb3 e5 21. Kh2 exf4 22. Nbxc5 Bxc5 23. Nxc5 Qc7 24. Bxd4 Ne3 25. Qe2 Nxf1+ 26. Rxf1 Rxg3 27. Ne6 Bxf3 28. Rxf3 Qc6 29. Rxf4 Rhg8 30. Ng5 fxg5 31. Rf6 Rh3+ 32. Kxh3 Qd7+ 33. Kh2 Qxd4 34. Qf2 Qxf2+ 35. Rxf2 gxh4 36. Kh3 Rg5 37. Kxh4 Re5 38. c4 b4 39. d4 Re4+ 40. Kxh5 Rxd4 41. b3 Kc7 42. Kg5 Re4 43. Kf5 Re1 44. Rd2 Nc6 45. Kf4 Re6 46. Kf5 Rd6 47. Rh2 Rd4 48. Ke6 Kb6 49. Rg2 a5 50. Rh2 a4 51. bxa4 Rxc4 52. Rb2 Rc3 53. Kd5 Ka5 54. Rh2 Kxa4 55. Rg2 0-1